Budúca rektorka veteriny: Mojím snom sú Poloniny

Bibliographic Details
Format: Article
Language:Slovak
Subjects:

MARC

LEADER 00000nab a2200000 a 4500
001 vtls010647173
003 SK-MaSNL
005 20260304220138.0
008 171110 2015 xo r r 000 0 slo
038 |a KEVKJB 
040 |a KEVKJB  |b slo  |c KEVKJB  |e AACR2 
041 0 |a slo 
044 |a xo  |c SK 
080 |a 378.4:636.09  |2 2001 
080 |a 929 Mojžišová, Jana  |2 2001 
245 0 0 |a Budúca rektorka veteriny: Mojím snom sú Poloniny  |c [autor] (ela) 
300 |b Fotogr. 
600 1 7 |a Mojžišová, Jana,  |d 1963-  |2 kevkjb  |9 195014 
610 2 7 |a Univerzita veterinárskeho lekárstva a farmácie v Košiciach  |2 kevkjb  |9 151588 
650 0 7 |a rodáci  |2 snkbucl  |9 30842 
651 7 |a Košice (Slovensko)  |2 kevkjb  |9 18694 
773 0 |t Košický večer  |g Roč. 25(48), č. 1 (2.1.2015), s. 9  |x 1336-5320 
852 |a KEVKJB  |b KIS3GCP 
958 |a BX 
999 |c 3150310  |d 3152240